Paroles Disney - Partir Là-Bas - Statistiques

Statistiques générales
  • Ce quiz a été pris 345 fois
  • Le résultat moyen est 231 sur 279
Statistiques - réponses
Paroles % Correct
s'
98%
S'
98%
à
97%
j'
97%
J'
97%
l'
97%
m'
97%
d'
96%
Je
96%
je
96%
par
96%
le
95%
Le
95%
n'
95%
ai
94%
ce
94%
comme
93%
Comme
93%
de
93%
la
93%
et
92%
Et
92%
mon
92%
qu'
92%
Qu'
92%
que
92%
un
92%
Un
92%
ça
91%
ça,
91%
ces
91%
ces...
91%
part
91%
tout
91%
des
90%
là-bas.
90%
là-bas
90%
Partir
90%
partir
90%
sa
90%
si
90%
Si
90%
au
89%
Comment
89%
Il
89%
il
89%
il,
89%
les
89%
Les
89%
me
89%
Moi
89%
moi
89%
On
89%
on
89%
pour
89%
Pour
89%
En
88%
en
88%
te
88%
tu
88%
Tu
88%
marche.
87%
monde
87%
monde.
87%
sur
87%
danser.
86%
pieds.
86%
veux
86%
appelle ?
85%
homme
85%
jour.
85%
jour
85%
pas
85%
pouvais.
85%
terre
85%
terre.
85%
suis
84%
vie ?
84%
voir
84%
grand
83%
aimerais,
82%
mer.
82%
Ne
82%
qui
82%
fait
81%
tas.
81%
voudrais
81%
court.
80%
jambes
80%
peut
80%
Mais
79%
parcourir
79%
trucs
79%
va
79%
faut
78%
battant
77%
chouettes.
77%
déjà,
77%
donnerais
77%
est-ce
77%
gogo.
77%
ici.
77%
indiffère
77%
marcher
77%
nulle
77%
sans
77%
vois
77%
Vois
77%
ennuie.
76%
nageoires.
76%
Tous
76%
crois
75%
sable
75%
sauter
75%
gâtée
74%
certaine.
73%
chaud.
73%
merveilles.
73%
"Oui,
73%
rêver
73%
beaux
72%
choix.
72%
objets
72%
quoi
72%
Rues
72%
trop
72%
bien
71%
c'est
71%
long
71%
ont
71%
trésors
71%
brûle.
70%
du
70%
être
70%
fées
70%
feu,
70%
brillent
69%
Loin
69%
paradis".
69%
partirai.
69%
partirai
69%
pourquoi
69%
pouvoir.
69%
questions
69%
réponde.
69%
soleils.
69%
choses
68%
dis
68%
hommes
68%
humaines.
68%
Poser
68%
secrets,
68%
sirènes,
68%
Toutes
68%
Vivre
68%
voyant
68%
aucun
67%
comblée ?
67%
Femmes
67%
femmes
67%
leurs
67%
savoir,
67%
viendra,
67%
comprennent,
66%
peuvent
66%
regret.
66%
aussi
65%
dorés
65%
gadgets,
65%
grains
64%
tire-baba,
63%
Ah
62%
barbare ?
62%
caresser
62%
filles
62%
Flâner
62%
manière.
62%
richesses
62%
chocs,
58%
gardés.
58%
frayeurs.
49%
couacs
45%
couics
44%
pourrais
34%
Aucun quiz correspondant
Distribution des résultats
% des personnes avec chaque résultat
Percentile par nombre de réponses
Votre historique - résultats
Vous n’avez pas pris ce quiz